|
|
|
|
| LEADER |
00769nam a22001817a 4500 |
| 008 |
150121b xxu||||| |||| 00| 0 eng d |
| 020 |
|
|
|a 9789382654148
|
| 082 |
|
|
|a 894.107 MAT
|
| 100 |
|
|
|a മാത്യു,ടോണി
|
| 240 |
|
|
|a Vigrahabhanjakaraya ezhuthukar
|
| 245 |
|
|
|a വിഗ്രഹഭഞ്കരായ എഴുത്തുകാര് /
|
| 250 |
|
|
|a 1st ed.
|
| 260 |
|
|
|a തിരുവനന്കപുരം :
|b സാഹിത്യപ്രവര്ത്തക സഹകരണസംഘം,
|c 2012.
|
| 300 |
|
|
|a 111p.
|
| 650 |
|
|
|a Literary Study
|
| 942 |
|
|
|2 ddc
|c BK
|
| 999 |
|
|
|c 9795
|d 9795
|
| 952 |
|
|
|0 0
|1 0
|2 ddc
|4 0
|6 894_107000000000000_MAT
|7 0
|9 13833
|a MAIN
|b MAIN
|d 2015-01-21
|e National Book Stall
|g 80.00
|o 894.107 MAT
|p 13982
|r 2015-01-21
|w 2015-01-21
|y BK
|